[Event "Lido degli Estensi op 1st"]
[Site "Lido degli Estensi"]
[Date "2000.05.30"]
[Round "4.6"]
[White "Davies, Nigel Rodney"]
[Black "Marchini, Massimo"]
[Result "1-0"]
[WhiteElo "2497"]
[BlackElo "2187"]
[PlyCount "67"]
[EventDate "2000.05.27"]
[EventType "swiss"]
[EventRounds "9"]
[EventCountry "ITA"]
[SourceTitle "EXT 2023"]
[Source "ChessBase"]
[SourceDate "2022.10.05"]
[SourceVersion "1"]
[SourceVersionDate "2022.10.05"]
[SourceQuality "1"]

1. g3 Nf6 2. Bg2 g6 3. e4 d6 4. d4 Bg7 5. Ne2 0-0 6. 0-0 c5 7. dxc5 dxc5 8. e5 Ng4 9. f4 f6 10. h3 Nh6 11. exf6 exf6 12. Nbc3 Nc6 13. Be3 Qa5 14. Qd5+ Kh8 15. Qxc5 Nf5 16. Bxc6 Qxc5 17. Bxc5 bxc6 18. g4 Nh4 19. Bxf8 Bxf8 20. Rad1 Bc5+ 21. Kh2 Ba6 22. Rd7 Re8 23. Rfd1 Bb6 24. Ng3 Bc8 25. Nge4 Bxd7 26. Rxd7 Re6 27. Kg3 g5 28. f5 Re5 29. Nxf6 Re3+ 30. Kh2 Nf3+ 31. Kg2 Nh4+ 32. Kf1 Rf3+ 33. Ke2 Rf2+ 34. Kd3 1-0

[Event "Lido degli Estensi op 1st"]
[Site "Lido degli Estensi"]
[Date "2000.05.28"]
[Round "2.11"]
[White "Ricci, Alfredo"]
[Black "Marchini, Massimo"]
[Result "0-1"]
[WhiteElo "2093"]
[BlackElo "2187"]
[PlyCount "112"]
[EventDate "2000.05.27"]
[EventType "swiss"]
[EventRounds "9"]
[EventCountry "ITA"]
[SourceTitle "EXT 2023"]
[Source "ChessBase"]
[SourceDate "2022.10.05"]
[SourceVersion "1"]
[SourceVersionDate "2022.10.05"]
[SourceQuality "1"]

1. e4 c5 2. Nf3 d6 3. d4 Nf6 4. Bb5+ Bd7 5. Bxd7+ Qxd7 6. Qe2 cxd4 7. Nxd4 Nc6 8. Nf5 e6 9. Ng3 Rc8 10. c3 Be7 11. 0-0 0-0 12. Rd1 Qc7 13. c4 a6 14. b3 Rfe8 15. Bb2 d5 16. Nd2 d4 17. e5 Nxe5 18. Bxd4 Nc6 19. Bc3 Qf4 20. Nde4 Nxe4 21. Qxe4 Qxe4 22. Nxe4 Red8 23. g4 f5 24. gxf5 exf5 25. Ng3 g6 26. Ne2 g5 27. Nd4 Nxd4 28. Bxd4 Kf7 29. Kg2 Rc6 30. Be5 Ke6 31. Rxd8 Bxd8 32. Re1 Kf7 33. Rd1 Re6 34. f4 gxf4 35. Bxf4 Bf6 36. Rd7+ Re7 37. Rxe7+ Kxe7 38. Kf3 Ke6 39. Bd2 Bd4 40. a4 Bf6 41. h3 Bd4 42. b4 Be5 43. Be3 Bc3 44. b5 Be5 45. Bc5 Bc3 46. Kf4 Bd2+ 47. Be3 Bc3 48. Kg5 Ke5 49. c5 axb5 50. axb5 Ke4 51. Bf4 h6+ 52. Kxh6 Kxf4 53. Kg6 Ke4 54. c6 bxc6 55. bxc6 Be5 56. h4 f4 0-1

[Event "Bratto op 18th"]
[Site "Bratto"]
[Date "1998.??.??"]
[Round "?"]
[White "Marchini, Massimo"]
[Black "Caruso, Daniele"]
[Result "1-0"]
[WhiteElo "2195"]
[BlackElo "2140"]
[PlyCount "119"]
[EventDate "1998.??.??"]
[EventType "swiss"]
[EventRounds "9"]
[EventCountry "ITA"]
[SourceTitle "EXT 2000"]
[Source "ChessBase"]
[SourceDate "1999.11.16"]
[SourceVersion "1"]
[SourceVersionDate "1999.11.16"]
[SourceQuality "1"]

1. Nf3 Nf6 2. c4 g6 3. d4 Bg7 4. g3 0-0 5. Bg2 d6 6. 0-0 Nbd7 7. Nc3 e5 8. e4 c6 9. h3 Qb6 10. Rb1 exd4 11. Nxd4 Ng4 12. Nde2 Nge5 13. Be3 Qc7 14. b3 Nc5 15. f4 Ned7 16. b4 Na6 17. Qd2 Rd8 18. a3 Nf6 19. Nd4 Be6 20. Nxe6 fxe6 21. Rbc1 Qf7 22. Qe2 Nc7 23. Kh2 d5 24. Rfd1 Rd7 25. e5 Nfe8 26. b5 Bf8 27. bxc6 bxc6 28. cxd5 cxd5 29. a4 a5 30. Qd3 Na6 31. Nb5 Nb4 32. Qe2 Rdd8 33. Bc5 Rdc8 34. Bxf8 Kxf8 35. Nd4 Qd7 36. Qg4 Ng7 37. Qg5 Qe7 38. Qf6+ Qf7 39. h4 Kg8 40. Bh3 Re8 41. Rc5 Nf5 42. Nb5 Rf8 43. Qxf7+ Rxf7 44. Nc7 Rc8 45. Nxe6 Rxc5 46. Nxc5 Rc7 47. Bxf5 Rxc5 48. Be6+ Kf8 49. Rd2 Ke7 50. Bh3 Rc4 51. Bf1 Rc3 52. Bg2 Ke6 53. Bh3+ Ke7 54. g4 Ra3 55. f5 gxf5 56. gxf5 Rxa4 57. f6+ Ke8 58. e6 Ra2 59. Rxa2 Nxa2 60. Bg4 1-0

[Event "Bratto op 17th"]
[Site "Bratto"]
[Date "1997.??.??"]
[Round "6"]
[White "Capece, Adolivio"]
[Black "Marchini, Massimo"]
[Result "0-1"]
[WhiteElo "2205"]
[BlackElo "2150"]
[PlyCount "80"]
[EventDate "1997.??.??"]
[EventType "swiss"]
[EventRounds "9"]
[EventCountry "ITA"]
[SourceTitle "EXT 2000"]
[Source "ChessBase"]
[SourceDate "1999.11.16"]
[SourceVersion "1"]
[SourceVersionDate "1999.11.16"]
[SourceQuality "1"]

1. c4 Nf6 2. Nc3 g6 3. g3 Bg7 4. Bg2 0-0 5. d3 c5 6. Bg5 d6 7. Qd2 Nc6 8. Bh6 Rb8 9. h4 Bxh6 10. Qxh6 Ng4 11. Qd2 h5 12. f3 Nf6 13. g4 Kg7 14. Nd5 hxg4 15. h5 Rh8 16. h6+ Kh7 17. Nxf6+ exf6 18. fxg4 Bxg4 19. Qf4 f5 20. Nf3 Bxf3 21. Bxf3 Qe7 22. Bxc6 bxc6 23. b3 Rbe8 24. Rh2 Qe5 25. Qxe5 Rxe5 26. a3 Rb8 27. b4 cxb4 28. axb4 Re7 29. Ra6 Rb6 30. Rxb6 axb6 31. Kd2 f4 32. Kc3 g5 33. Kd4 Re5 34. Kc3 g4 35. d4 f3 36. Rf2 Re3+ 37. Kd2 Kxh6 38. c5 dxc5 39. b5 cxb5 40. d5 Re5 0-1

[Event "Bratto op 17th"]
[Site "Bratto"]
[Date "1997.??.??"]
[Round "4"]
[White "Everet, Alexandro"]
[Black "Marchini, Massimo"]
[Result "1-0"]
[WhiteElo "2135"]
[BlackElo "2150"]
[PlyCount "75"]
[EventDate "1997.??.??"]
[EventType "swiss"]
[EventRounds "9"]
[EventCountry "ITA"]
[SourceTitle "EXT 2000"]
[Source "ChessBase"]
[SourceDate "1999.11.16"]
[SourceVersion "1"]
[SourceVersionDate "1999.11.16"]
[SourceQuality "1"]

1. d4 Nf6 2. c4 g6 3. Nc3 Bg7 4. e4 d6 5. Bd3 c5 6. d5 0-0 7. Nge2 Na6 8. 0-0 Nc7 9. h3 a6 10. Be3 Rb8 11. a4 Bd7 12. Qd2 b5 13. f4 bxc4 14. Bxc4 Rb4 15. b3 e6 16. e5 Nfxd5 17. exd6 Nxc3 18. Nxc3 Nd5 19. Bxd5 exd5 20. Nxd5 Rd4 21. Bxd4 Bxd4+ 22. Kh1 Be6 23. Ne7+ Kh8 24. Nc6 Qxd6 25. Nxd4 cxd4 26. Rab1 Rd8 27. Rfc1 Bd5 28. Qxd4+ Kg8 29. Qf2 Rb8 30. Rc3 Qf6 31. Qd2 Be6 32. b4 Bf5 33. Rb2 h5 34. b5 Rd8 35. Qc1 axb5 36. axb5 Qd4 37. b6 Qa4 38. b7 1-0

[Event "Marostica op"]
[Site "Marostica"]
[Date "1997.??.??"]
[Round "?"]
[White "Marchini, Massimo"]
[Black "Everet, Alexandro"]
[Result "0-1"]
[WhiteElo "2150"]
[BlackElo "2135"]
[PlyCount "52"]
[EventDate "1997.??.??"]
[EventType "swiss"]
[EventRounds "9"]
[EventCountry "ITA"]
[SourceTitle "EXT 2000"]
[Source "ChessBase"]
[SourceDate "1999.11.16"]
[SourceVersion "1"]
[SourceVersionDate "1999.11.16"]
[SourceQuality "1"]

1. e4 g6 2. d4 Bg7 3. Nf3 d6 4. Nc3 Nf6 5. Bg5 0-0 6. Qd2 Re8 7. h3 c6 8. a4 b6 9. Bc4 Ba6 10. Bxa6 Nxa6 11. 0-0 d5 12. Rfe1 Nc7 13. Ne5 Nxe4 14. Nxe4 dxe4 15. Bf4 Ne6 16. Rxe4 f5 17. Ree1 Qxd4 18. Qxd4 Nxd4 19. Rad1 Nxc2 20. Re2 Nb4 21. Rd7 Bf6 22. Bd2 Na6 23. Nxc6 Nc5 24. Rc7 Kf7 25. Bc3 Ne6 26. Bxf6 Nxc7 0-1

[Event "Marostica op"]
[Site "Marostica"]
[Date "1997.??.??"]
[Round "4"]
[White "Pegoraro, Nicola"]
[Black "Marchini, Massimo"]
[Result "0-1"]
[WhiteElo "2065"]
[BlackElo "2150"]
[PlyCount "126"]
[EventDate "1997.??.??"]
[EventType "swiss"]
[EventRounds "9"]
[EventCountry "ITA"]
[SourceTitle "EXT 2000"]
[Source "ChessBase"]
[SourceDate "1999.11.16"]
[SourceVersion "1"]
[SourceVersionDate "1999.11.16"]
[SourceQuality "1"]

1. e4 c5 2. Nf3 e6 3. d4 cxd4 4. Nxd4 a6 5. Nc3 Qc7 6. Be3 Bb4 7. Bd2 Nf6 8. Bd3 Nc6 9. Nxc6 bxc6 10. 0-0 Be7 11. Qe2 d5 12. e5 Nd7 13. f4 c5 14. Qg4 g6 15. Rae1 Bb7 16. b3 0-0-0 17. Qe2 Qc6 18. Na4 Rde8 19. Nb2 f5 20. Qd1 Reg8 21. Be2 g5 22. c4 g4 23. Rf2 Bh4 24. Bf1 Bxf2+ 25. Kxf2 d4 26. Nd3 Rg7 27. Re2 g3+ 28. hxg3 Rhg8 29. Ba5 Rxg3 30. Ke1 Nb6 31. Qc2 Kd7 32. Kd1 Ke7 33. Be1 R3g7 34. Kc1 Ra8 35. Bh4+ Kf8 36. Bg5 Rg6 37. Kb2 h6 38. Bh4 a5 39. a4 Qc7 40. Qd2 Nd7 41. Rf2 Bc6 42. Ne1 Qb7 43. Ka2 Rb8 44. Qc2 Be4 45. Bd3 Bxd3 46. Qxd3 Kf7 47. Re2 Rc8 48. Qd2 Qb6 49. Nd3 Nb8 50. Be1 Nc6 51. Qd1 Rcg8 52. g3 Nb4+ 53. Nxb4 axb4 54. Kb2 Qb7 55. Qd2 Qf3 56. Rg2 Qc3+ 57. Qxc3 bxc3+ 58. Kc2 Rb8 59. Rh2 Kg7 60. Bf2 Kh7 61. Rh1 Rg7 62. Rb1 Rgb7 63. a5 Kg6 0-1

[Event "Bratto op 15th"]
[Site "Bratto"]
[Date "1995.??.??"]
[Round "?"]
[White "Marchini, Massimo"]
[Black "Righi, Ezio"]
[Result "1/2-1/2"]
[WhiteElo "2190"]
[BlackElo "2180"]
[PlyCount "50"]
[EventDate "1995.??.??"]
[EventType "swiss"]
[EventRounds "9"]
[EventCountry "ITA"]
[SourceTitle "EXT 2001"]
[Source "ChessBase"]
[SourceDate "2000.11.22"]
[SourceVersion "1"]
[SourceVersionDate "2000.11.22"]
[SourceQuality "1"]

1. d4 Nf6 2. Nf3 b6 3. g3 Bb7 4. Bg2 e6 5. 0-0 Be7 6. c4 0-0 7. Nc3 Ne4 8. Qc2 Nxc3 9. Qxc3 c5 10. Be3 d6 11. Rfd1 Bf6 12. Qc2 Qe7 13. Rd2 Nc6 14. Rad1 Rfd8 15. b3 g6 16. h4 Bg7 17. Bg5 f6 18. Be3 e5 19. dxe5 dxe5 20. Rxd8+ Rxd8 21. Rxd8+ Nxd8 22. h5 f5 23. hxg6 hxg6 24. Qd2 Ne6 25. Nh4 Bxg2 1/2-1/2